00853nam a2200241 a 4500999001500000001000500015003000900020005001700029008004100046040003800087082002400125245008500149260004500234300002200279504004100301505001100342650004300353700002300396700002400419710002700443942001500470952012600485 c1878d18789570BD-DhUAP20210127094048.0200216s1993 bg b 00| 0 eng d aBD-DhUAPcBD-DhUAPbEngdBD-DhUAP00223a348.5492046 BAN aBangladesh legal decisions /cedited by Kazi Ebadul Hoque and Shahabuddin Ahmad. aDhaka :bBangladesh bar council,cc1988. avolumes ;c24 cm. aIncludes bibliographical references. aV. 8-- aLaw reports, digests, etczBangladesh. aHoque, Kazi Ebadul aAhmad, Shahabuddin  aBangladesh Bar Council00012ddccBK 00102ddc4070aUAPCLbUAPCLcGeneral Stacksd2020-02-17o348.5492046 BAN V-8p3010009570r2020-02-17t1w2020-02-17yBK